LIBRARY & INFORMATION CENTRE, KCAET, TAVANUR

ONLINE PUBLIC ACCESS CATALOGUE (OPAC)

Water well technology / (Record no. 7137)

MARC details
000 -LEADER
fixed length control field 00462cam a2200181ua 4500
020 ## - INTERNATIONAL STANDARD BOOK NUMBER
ISBN 0-07-04609-7
041 ## - LANGUAGE CODE
Language code of text/sound track or separate title eng
082 ## - DEWEY DECIMAL CLASSIFICATION NUMBER
Classification number 551.498
Item number CAM/WA
100 ## - MAIN ENTRY--AUTHOR NAME
Personal name Campbell, Michael D .
245 ## - TITLE STATEMENT
Title Water well technology /
250 ## - EDITION STATEMENT
Edition statement 1 /
260 ## - PUBLICATION, DISTRIBUTION, ETC. (IMPRINT)
Place of publication New York :
Name of publisher McGraw Hill Book Company ,
Year of publication 1973.
300 ## - PHYSICAL DESCRIPTION
Number of Pages 681 ; .
700 1# - ADDED ENTRY--PERSONAL NAME
Personal name Lehr, Jay H .
942 ## - ADDED ENTRY ELEMENTS (KOHA)
Koha item type Books
Holdings
Withdrawn status Lost status Damaged status Home library Current library Date acquired Full call number Accession Number Koha item type
      KAUAET KAUAET 27/03/1987 551.498 CAM/WA 16257 Books
free website counter